The Nixon Years (1969-1974) Quiz Stats

 Plays Quiz Updated Feb 18, 2020

Support Sporcle.
Go Orange.
Score 0/54 Timer 06:00
0 Plays Today
% Correct
New York Mets
60.1%
Oakland Athletics
59.9%
Oakland Athletics
59.9%
The Godfather
48.9%
Oakland Athletics
48.6%
Pittsburgh Pirates
47.2%
Baltimore Orioles
46.3%
All in the Family
36.4%
All in the Family
34.3%
Charles de Gaulle
29.8%
All in the Family
29.5%
Midnight Cowboy
21.3%
M*A*S*H
20.6%
Leonid Brezhnev
19.7%
The Sting
19.2%
Patton
19.1%
The French Connection
17.5%
Eagle
16.7%
Edward Heath
14.1%
Harold Wilson
12.5%
Bangladesh
12.5%
Oliver
11.7%
Qatar
11.4%
Bhutan
10.9%
Bahrain
9.7%
Oman
9.7%
United Arab Emirates
9.2%
% Correct
Get Smart
9.1%
Centennial
8.3%
My World and Welcome To It
8.3%
Georges Pompidou
7.7%
Challenger
6.9%
Just My Imagination
6.5%
Love Story
6%
A Little Night Music
5.6%
Valery Giscard d'Estaing
5.3%
Portnoy's Complaint
3.4%
Jonathan Livingston Seagull
3.3%
Falcon
3.2%
Orion
2.9%
Jonathan Livingston Seagull
2.9%
Company
2.5%
1776
2.4%
I Can't Get Next to You
2.3%
Run Away Child, Running Wild
2%
Applause
1.6%
Intrepid
1.5%
Raisin
1.3%
Wheels
1.1%
Two Gentlemen of Verona
1.1%
Antares
0.9%
Let Your Hair Down
0.7%
Masterpiece
0.7%
Happy People
0.7%

You're not logged in!

Compare scores with friends on all Sporcle quizzes.
OR
Log In

From the Vault

Harry Potter Books by Line

by davidfarrell

Enough Harry Potter puns already. We're Sirius.
Remove Ads.
Support Sporcle.
Get the best of Sporcle when you Go Orange. This ad-free experience offers more features, more stats, and more fun while also helping to support Sporcle. Thank you for becoming a member.

Show Comments

Extras

Top Quizzes Today


Score Distribution

Your Account Isn't Verified!

In order to create a playlist on Sporcle, you need to verify the email address you used during registration. Go to your Sporcle Settings to finish the process.

Report this User

Report this user for behavior that violates our Community Guidelines.

Details: